| 000 | 00686nam a22001937a 4500 | ||
|---|---|---|---|
| 008 | 100523t xxu||||| |||| 00| 0 eng d | ||
| 020 | _a9770253677 | ||
| 082 |
_222 _a500 _bش و ق |
||
| 100 |
_98624 _aشوقى, أحمد. |
||
| 245 |
_aعلم وحلم / _cأحمد شوقى |
||
| 260 |
_aالقاهرة: _bدار المعارف, _c1977. |
||
| 300 |
_a136 ص؛ _c20 سم. |
||
| 440 |
_914185 _aسلسلة اقرأ _n616 |
||
| 500 | _aDonations. | ||
| 500 | _aDonated by: Dr. Bassem Ahmed. | ||
| 650 |
_914205 _aالعلم |
||
| 942 |
_2ddc _cBB |
||
| 999 |
_c14009 _d14009 |
||